[Event "KAZ-ch U14 Girls"]
[Site "Ak Bulak"]
[Date "2022.03.21"]
[Round "2"]
[White "Nurgaliyeva, Zarina"]
[Black "Belikova, Dariya"]
[Result "1-0"]
[WhiteElo "2037"]
[BlackElo "1240"]
[PlyCount "77"]
[EventDate "2022.03.20"]
[EventType "swiss"]
[EventRounds "9"]
[EventCountry "KAZ"]
[SourceTitle "EXT 2023"]
[Source "ChessBase"]
[SourceDate "2022.10.05"]
[SourceVersion "1"]
[SourceVersionDate "2022.10.05"]
[SourceQuality "1"]

1. e4 e5 2. Nf3 Nc6 3. Nc3 Nf6 4. Bb5 a6 5. Bxc6 dxc6 6. Nxe5 Bc5 7. 0-0 0-0 8. d3 Re8 9. Nc4 b5 10. Ne3 Bb6 11. Qf3 h6 12. Nf5 Bxf5 13. Qxf5 Qd7 14. Qxd7 Nxd7 15. Be3 Re6 16. Ne2 g5 17. Ng3 Nf8 18. Nf5 Kh7 19. f4 f6 20. fxg5 fxg5 21. Bxb6 cxb6 22. Ne3 Kg6 23. Rf5 Nd7 24. Raf1 Rf6 25. Rxf6+ Nxf6 26. e5 Nh5 27. g3 Ng7 28. Rf6+ Kh7 29. Rxc6 Re8 30. d4 Re6 31. Rxe6 Nxe6 32. d5 Nc7 33. Kf2 Kg6 34. Kf3 a5 35. Ke4 Ne8 36. d6 Ng7 37. d7 Ne6 38. Kd5 Kf7 39. Kd6 1-0